Statistics for Famous Brands by Description

Click here to take the quiz!

General Stats

  • This quiz has been taken 33 times
  • The average score is 8 of 12

Answer Stats

HintAnswer% Correct
This world-wide online shopping website started out selling exclusively booksAmazon
90%
A gas company as well as things you can find at the seashoreShell
81%
A mouse, a dog, and a duck are all famous characters created by this brandDisney
77%
Fast-food recipe that is made up of 11 herbs and spicesKFC
77%
This iconic brand's logo is a fruit that grows on treesApple
74%
Sports brand originally founded as Blue Ribbon Sports in 1964Nike
71%
Alphabet Inc.'s e-mail engineGmail
65%
A video-heavy social media platformTikTok
65%
This designer founder was shot by a hitman hired by his wife on the steps outside of his officeGucci
52%
Predecessor to Facetime and Google MeetSkype
48%
Car brand that when translated to english means "three-diamond emblem"Mitsubishi
39%
"How Doers Get More Done"Home Depot
23%

Score Distribution

Percentile by Number Answered

Percent of People with Each Score

Your Score History

You have not taken this quiz